| 000 | 00593nam a22001697a 4500 | ||
|---|---|---|---|
| 005 | 20111222170452.0 | ||
| 020 |
_a9788189020188 _c120.00 |
||
| 037 | _bPUB | ||
| 100 |
_aDharmarajan, Geeta _937489 |
||
| 245 |
_aThe magical web bridege / _cby Geeta Dharmarajan; art by Sonali Biswas |
||
| 260 |
_aNew Delhi _bKatha _c2004 |
||
| 270 |
_aA3 Sarvodaya Enclave, Sri Aurobindo Marg, _bNew Delhi _e110017 |
||
| 300 |
_aunpages _bill. _c26cm(pbk) |
||
| 700 |
_a Biswas, Sonali _937488 |
||
| 942 |
_2ddc _cCH _mDHA |
||
| 999 |
_c59909 _d59909 |
||